| 000 | 00732nam a2200229 a 4500 | ||
|---|---|---|---|
| 001 | 70345 | ||
| 003 | BD-RjUL | ||
| 005 | 20211209082004.0 | ||
| 008 | 170417s1964 enka 001 0 eng | ||
| 035 | _a(BD-RjUL)70559 | ||
| 040 |
_aDLC/ICU _cICU _dBD-RjUL _beng |
||
| 041 | _aeng | ||
| 082 | 0 | 0 |
_a536.7 _223 _bBUL 1964 |
| 100 | 1 |
_aBuckingham, A. D. _q(Amyand David) _9208299 |
|
| 245 | 1 | 4 |
_aThe laws and applications of thermodynamics / _cA.D. Buckingham. |
| 260 |
_aOxford : _bPergamon Press, _aNew York : _bMacmillan, _cc1964 |
||
| 300 |
_ax, 208 p. : _bill. ; _c20 cm. |
||
| 490 |
_aThe Commonwealth and international library.Chemistry division, _vv. 5 |
||
| 504 | _a"211." | ||
| 650 | 0 |
_aThermodynamics. _9208300 |
|
| 942 |
_2ddc _cBK |
||
| 999 |
_c70345 _d70345 |
||